00385nam a2200145Ia 4500008004100000020001800041041000800059082001700067100001600084245007400100260002500174300000800199365001600207700001600223230718s9999 xx 000 0 und d a9789352135479 aeng a658.409bFOU aFournier C. aManager's PathbA Guide For Tech Leaders Navigating Growth And Change c2019bSPD / O'reilly a226 cRs.b650.00 aFournier C.